Constitutional Fundamentals / (Record no. 162)

MARC details
000 -LEADER
fixed length control field 00683cam a2200229 a 4500
003 - CONTROL NUMBER IDENTIFIER
control field OSt
005 - DATE AND TIME OF LATEST TRANSACTION
control field 20171025212501.0
008 - FIXED-LENGTH DATA ELEMENTS--GENERAL INFORMATION
fixed length control field 891114s1989 enk b 001 0 eng
010 ## - LIBRARY OF CONGRESS CONTROL NUMBER
LC control number 89206632
020 ## - INTERNATIONAL STANDARD BOOK NUMBER
International Standard Book Number 0420478302
040 ## - CATALOGING SOURCE
Original cataloging agency DLC
Transcribing agency DLC
Modifying agency DLC
082 00 - DEWEY DECIMAL CLASSIFICATION NUMBER
Classification number 342
Edition number 22
Item number WAD
100 1# - MAIN ENTRY--PERSONAL NAME
Personal name Wade, William,
Titles and other words associated with a name Sir,
Dates associated with a name 1918-
9 (RLIN) 461
245 10 - TITLE STATEMENT
Title Constitutional Fundamentals /
Statement of responsibility, etc by William Wade.
250 ## - EDITION STATEMENT
Remainder of edition statement Rev. ed.
260 ## - PUBLICATION, DISTRIBUTION, ETC. (IMPRINT)
Place of publication, distribution, etc London ;
Name of publisher, distributor, etc Stevens,
Date of publication, distribution, etc 1989.
300 ## - PHYSICAL DESCRIPTION
Extent xviii, 106 p. ;
Dimensions 18 cm.
440 #4 - SERIES STATEMENT/ADDED ENTRY--TITLE
Title The Hamlyn lectures ;
Volume number/sequential designation 32nd ser.
9 (RLIN) 462
504 ## - BIBLIOGRAPHY, ETC. NOTE
Bibliography, etc Includes bibliographical references and indexes.
650 #0 - SUBJECT ADDED ENTRY--TOPICAL TERM
Topical term or geographic name as entry element Constitutional law
Geographic subdivision Great Britain.
9 (RLIN) 463
942 ## - ADDED ENTRY ELEMENTS (KOHA)
Source of classification or shelving scheme Dewey Decimal Classification
Koha item type Books
Holdings
Withdrawn status Lost status Damaged status Not for loan Home library Current library Shelving location Date acquired Total Checkouts Full call number Barcode Date last seen Price effective from Koha item type
        Law Development Centre Main Library Law Development Centre Main Library Text Books and Laws 10/25/2017   342 WAD 166/09 10/25/2017 10/25/2017 Books